000 01873cam a22004574i 4500
003 PE-LiUPU
005 20250731172948.0
008 150623s r 000 0 d
020 _a0800627458
035 _a(Sirsi) i9780800627454
040 _aPE-LiUPU
_bspa
_cPE-LiUPU
_erda
049 _aPRUA
082 0 4 _a222.320 66
_bJ45
_221
245 0 0 _aJudges and method :
_bnew approaches in biblical studies /
_cEditado por Gale Yee.
264 1 _aMinneapolis, MN :
_bFortress Press,
_c1995.
300 _a186 páginas ;
_c23 centímetros
336 _atext
_2rdacontent
337 _aunmediated
_2rdamedia
338 _avolume
_2rdacarrier
504 _aBibliografía al final de cada capítulo.
505 0 _aWhy judges?. -Narrative criticism of Judges: human purpose in conflict with divine presence. -Social scientific criticism: Judges 9 and Issues of kinship. -Feminist criticism: whose interests are being served?. -Structuralist criticism: the text's world of meaning. -Deconstructive criticism: Achsah and the (E)razed city of writing. -Ideological criticism: Judges 17-21 and the dismembered body.
526 _aSEG42
526 _aSEG41
526 _aSEG40
526 _aSEG39
526 _aP94
526 _aP87
526 _aP86
526 _aP85
526 _aP77
526 _aP76
526 _aP35
630 _aBiblia.
_pA.T.
_pJueces
_xCrítica, interpretación, etc.
700 1 _aYee, Gale A.,
_eed.
942 _2ddc
_cBOOK
949 _a222.320 66 J45
_wDEWEY
_c1
_i44838
_lCCODEBUL1
_mBUL
_r0
_sY
_tBOOK
_u2015-6-24
_xTEOLOGIA
_PP35
_0COMPRA
_o.STAFF. Colección General
994 _aC0
_bPEPRU
596 _a1
999 _a222.320 66 J45
_wDEWEY
_c21710
_i44838
_d21710
_f2021-11-9
_g5
_lCCODEBUL1
_mBUL
_q1
_r0
_sY
_tBOOK
_u2015-6-24
_xTEOLOGIA
_PP35
_0COMPRA
_o.STAFF. Colección General
980 _81
_gALBERTO SANCHEZ Responsable de Automatización